000 01047nam a2200253 i 4500
001 190054
003 ES-MaACL
005 20240409172351.0
007 t|
008 200310s1974 sp |||| | spa d
100 1 _aAubet Semmler, María Eugenia.
_923808
245 1 4 _aLos marfiles orientalizantes de Praeneste (Italia) /
_cpor María Eugenia Aubet Semmler.
260 _aBarcelona :
_b[Universidad, Facultad de Filosofía y Letras],
_c1974 (
_fVernet)
300 _a12 p. :
_b2 il. ;
_c24 cm.
502 _aTesis-Univ. Barcelona (Extracto)
594 _aPrecede al tít.: Universidad de Barcelona. Secretariado de Publicaciones, Intercambio Científico y Extensión Universitaria.
650 4 _aMarfiles antiguos.
_9169956
651 4 _aPalestrina-
_xRestos arqueológicos.
_9169957
655 _aTesis y escritos académicos
_9226867
710 2 _aUniversidad de Barcelona.
_bFacultad de Filosofía y Letras.
_97149
852 4 _aES-MaACL
_jP-1415 (49)
_9197205
_bR-68610
_cDEPO2
942 _2udc
999 _c190054
_d190054